Sociálny fond v jednoduchom účtovníctve a kniha sociálneho fondu

Pojem sociálny fond. Tvorba sociálneho fondu. Povinný a nepovinný prídel do sociálneho fondu. Postup zamestnávateľa pri tvorbe sociálneho fondu. Použitie sociálneho fondu. Daňové hľadisko tvorby a použitia sociálneho fondu. Účtovanie o sociálnom fonde. Účtovanie v knihe sociálneho fondu. Ilustračné...

Descrizione completa

Salvato in:
Dettagli Bibliografici
Autore principale: Strählová, Jarmila
Natura: Capitolo di libro
Lingua:slovacco
Soggetti:
Tags: Aggiungi Tag
Nessun Tag, puoi essere il primo ad aggiungerne!!

MARC

LEADER 00000naa$a2200000$$$4500
001 0045927
005 20231109114651.2
041 0 |a slo 
044 |a SK 
245 1 0 |a Sociálny fond v jednoduchom účtovníctve a kniha sociálneho fondu  |c Jarmila Strählová 
520 |a Pojem sociálny fond. Tvorba sociálneho fondu. Povinný a nepovinný prídel do sociálneho fondu. Postup zamestnávateľa pri tvorbe sociálneho fondu. Použitie sociálneho fondu. Daňové hľadisko tvorby a použitia sociálneho fondu. Účtovanie o sociálnom fonde. Účtovanie v knihe sociálneho fondu. Ilustračné príklady. 
610 2 0 |a fond sociálny 
610 2 0 |a účtovníctvo jednoduché 
610 2 0 |a knihy účtovné 
610 2 0 |a zdaňovanie 
610 2 0 |a denníky účtovné 
100 1 |a Strählová, Jarmila